The relationship existing between the weight of a falling drop and the diameter of the tip from which it falls ... (Record no. 14655)

MARC details
000 -LEADER
fixed length control field 00739cam a22002291 4500
001 - CONTROL NUMBER
control field ca 12000675
003 - CONTROL NUMBER IDENTIFIER
control field DLC
005 - DATE AND TIME OF LATEST TRANSACTION
control field 20260227111058.0
008 - FIXED-LENGTH DATA ELEMENTS--GENERAL INFORMATION
fixed length control field 940616s1911 paua 000 0 eng
010 ## - LIBRARY OF CONGRESS CONTROL NUMBER
LC control number ca 12000675
035 ## - SYSTEM CONTROL NUMBER
System control number (OCoLC)30618024
040 ## - CATALOGING SOURCE
Original cataloging agency DLC
Transcribing agency CU
Modifying agency CU
-- OCoLC
-- DLC
042 ## - AUTHENTICATION CODE
Authentication code premarc
050 00 - LIBRARY OF CONGRESS CALL NUMBER
Classification number QD545
Item number .C3
100 1# - MAIN ENTRY--PERSONAL NAME
Personal name Cann, Jessie Yereance,
Dates associated with a name 1883-
245 04 - TITLE STATEMENT
Title The relationship existing between the weight of a falling drop and the diameter of the tip from which it falls ...
260 ## - PUBLICATION, DISTRIBUTION, ETC.
Place of publication, distribution, etc. Easton, Pa.,
Name of publisher, distributor, etc. Eschenbach Printing Company,
Date of publication, distribution, etc. 1911.
300 ## - PHYSICAL DESCRIPTION
Extent 24 p., 1 l. incl. tables.
Dimensions 24 cm.
502 ## - DISSERTATION NOTE
Dissertation note Thesis (Ph. D.)--Columbia University.
500 ## - GENERAL NOTE
General note Biography.
650 #0 - SUBJECT ADDED ENTRY--TOPICAL TERM
Topical term or geographic name entry element Molecular weights.

No items available.

Powered by Koha